000 00743nam a2200229Ia 4500
001 10697
003 GE_BSU
008 181216s||||||||xx |||||||||||||| ||und||
040 _cGE_BSU
080 _a821.353.1.+821.353.1–311.6
100 _aფაღავა,იუსუფ.
245 _aწინაპართა აჩრდილები.
245 _bრომანი.
245 _cრედ.შ.ზოიძე; მხატვ.რ,სანადირაძე.
260 _aბათუმი.
260 _bსაბჭ.აჭარა.
260 _c1975.
300 _a183გვ;21სმ.
300 _b1ფ.პორტრ.
653 _aწინაპართა აჩრდილები.
942 _cBK
999 _c43948
_d43948